Sports Quiz

Random Sports or NFL Quiz

NFL 100+ rushing (Regular Season AND Playoffs) Quiz Stats

Quiz not verified by Sporcle

Challenge
Share
Tweet
Embed
Score 0/124 Timer 08:00
0 Plays Today
Hints: Player: % Correct
1991-92:Emmitt Smith
94%
1992-93:Emmitt Smith
94%
1993-94:Emmitt Smith
94%
1995-96:Emmitt Smith
94%
1996-97:Emmitt Smith
94%
1998-99:Robert Smith
94%
1999-00:Robert Smith
94%
2000-01:Lamar Smith
94%
2003-04:Antowain Smith
94%
1989-90:Greg Bell
93.4%
2016-17:Le'Veon Bell
93.4%
2006-07:LaDainian Tomlinson
92.8%
1992-93:Kenneth Davis
92.2%
1992-93:Barry Foster
92.2%
1994-95:Barry Foster
92.2%
1996-97:Jerome Bettis
92.2%
1997-98:Jerome Bettis
92.2%
1997-98:Terrell Davis
92.2%
1998-99:Terrell Davis
92.2%
1999-00:Stephen Davis
92.2%
2002-03:Tiki Barber
92.2%
2003-04:Stephen Davis
92.2%
2004-05:Jerome Bettis
92.2%
2005-06:DeShaun Foster
92.2%
2006-07:Tiki Barber
92.2%
2007-08:Marion Barber
92.2%
2011-12:Arian Foster
92.2%
2012-13:Arian Foster
92.2%
2009-10:Ray Rice
91.6%
2012-13:Ray Rice
91.6%
1985-86:Craig James
91%
2000-01:Edgerrin James
91%
2003-04:Edgerrin James
91%
1990-91:Thurman Thomas
90.4%
1991-92:Thurman Thomas
90.4%
1993-94:Thurman Thomas
90.4%
1995-96:Thurman Thomas
90.4%
2012-13:Frank Gore
90.4%
2012-13:Marshawn Lynch
90.4%
2013-14:Marshawn Lynch
90.4%
2014-15:Marshawn Lynch
90.4%
1980-81:Tony Dorsett
89.8%
Hints: Player: % Correct
1982-83:Tony Dorsett
89.8%
2003-04:Ahman Green
89.8%
2005-06:Shaun Alexander
89.8%
2006-07:Shaun Alexander
89.8%
2009-10:Adrian Peterson
89.8%
1993-94:Barry Sanders
89.2%
1996-97:Curtis Martin
89.2%
1998-99:Curtis Martin
89.2%
2000-01:Jamal Lewis
89.2%
2001-02:Curtis Martin
89.2%
2013-14:LeGarrette Blount
89.2%
2014-15:LeGarrette Blount
89.2%
2006-07:Julius Jones
88.6%
2006-07:Thomas Jones
88.6%
2014-15:Jonathan Stewart
88%
2015-16:Jonathan Stewart
88%
2016-17:Ezekiel Elliott
88%
1984-85:Eric Dickerson
87.3%
1985-86:Eric Dickerson
87.3%
1986-87:Eric Dickerson
87.3%
1989-90:Ottis Anderson
87.3%
1990-91:Neal Anderson
87.3%
1998-99:Jamal Anderson
87.3%
1983-84:Marcus Allen
86.7%
1985-86:Marcus Allen
86.7%
2001-02:Terry Allen
86.7%
2014-15:DeMarco Murray
86.7%
2001-02:Marshall Faulk
86.1%
1984-85:Walter Payton
84.3%
1998-99:Fred Taylor
84.3%
1999-00:Fred Taylor
84.3%
2014-15:Eddie Lacy
83.7%
2003-04:Priest Holmes
83.1%
1983-84:John Riggins
81.9%
1999-00:Eddie George
81.9%
2004-05:Corey Dillon
81.3%
2006-07:Joseph Addai
80.7%
2006-07:Brian Westbrook
80.7%
2008-09:Willie Parker
80.7%
2004-05:Warrick Dunn
79.5%
2006-07:Deuce McAllister
77.7%
2014-15:Justin Forsett
77.7%
Hints: Player: % Correct
1998-99:Garrison Hearst
75.3%
1988-89:Roger Craig
74.7%
1989-90:Roger Craig
74.7%
1993-94:Ricky Watters
74.7%
2004-05:Michael Vick
73.5%
2010-11:Rashard Mendenhall
73.5%
1996-97:Anthony Johnson
72.3%
2016-17:Thomas Rawls
72.3%
2007-08:Ryan Grant
68.1%
1997-98:Dorsey Levens
66.3%
2009-10:Shonn Greene
63.3%
1985-86:Joe Morris
62%
1986-87:Joe Morris
62%
1995-96:Bam Morris
62%
2009-10:Cedric Benson
61.4%
1994-95:Natrone Means
59%
1996-97:Natrone Means
59%
1985-86:Earnest Byner
58.4%
1983-84:Curt Warner
57.8%
1983-84:Billy Sims
54.8%
1988-89:Ickey Woods
54.2%
2007-08:Laurence Maroney
48.2%
1980-81:Wilbert Montgomery
47%
1993-94:Rodney Hampton
45.8%
1982-83:Freeman McNeil
44.6%
1986-87:Freeman McNeil
44.6%
2008-09:Darren Sproles
40.4%
1992-93:Marion Butts
36.1%
1995-96:Edgar Bennett
35.5%
1991-92:Barry Word
28.9%
1981-82:Chuck Muncie
28.3%
1982-83:Chuck Muncie
28.3%
1986-87:George Rogers
25.3%
1986-87:Sammy Winder
23.5%
2012-13:Bernard Pierce
16.9%
2002-03:LaMont Jordan
16.3%
1981-82:Rob Carpenter
10.8%
1991-92:Ricky Ervins
10.2%
1982-83:Andra Franklin
6.6%
1992-93:Heath Sherman
6.6%

You're not logged in!

Compare scores with friends on all Sporcle quizzes.
Sign Up with Email
OR
Log In

You Might Also Like...

Show Comments

Extras

Top Quizzes Today


Score Distribution

Your Account Isn't Verified!

In order to create a playlist on Sporcle, you need to verify the email address you used during registration. Go to your Sporcle Settings to finish the process.